Statistics for 20 Largest Countries - One Minute Sprint

Click here to take the quiz!

General Stats

  • This quiz has been taken 380 times
  • The average score is 15 of 20

Answer Stats

Country% Correct
Brazil
98%
Canada
98%
China
98%
Russia
96%
United States
94%
Argentina
89%
Australia
85%
India
85%
Mexico
81%
Mongolia
81%
Algeria
79%
Democratic Republic of the Congo
79%
Kazakhstan
68%
Indonesia
60%
Libya
60%
Saudi Arabia
60%
Iran
57%
Sudan
55%
Chad
51%
Peru
47%

Score Distribution

Percentile by Number Answered

Percent of People with Each Score

Your Score History

You have not taken this quiz